The 10 most produced tanks of all time - Statistics

General Stats
  • This quiz has been taken 95 times
  • The average score is 7 of 10
Answer Stats
Countries Answer Quantity % Correct
USSR T-34 ~84,000
98%
USA M4 Sherman ~49,000
93%
USSR T-54/T-55 ~100,000
83%
Germany(ww2) Panzer IV ~8,800
81%
USSR / Russia T-72 ~25,000
75%
USA M1 Abrams ~10,000
63%
USSR T-62 ~22,700
60%
USA M60 ~15,000
37%
USA M48 Patton ~12,000
36%
USSR T-26 ~11,000
27%
No matching quizzes found
Score Distribution
Percent of People with Each Score
Percentile by Number Answered
Your Score History
You have not taken this quiz